000 00456nam a22001817a 4500
003 OSt
005 20170405150722.0
008 170405b xxu||||| |||| 00| 0 eng d
020 _a0486414574
040 _cDDC.
082 _a537.6PAU 2000.
100 _aPauli,Wolfgang;
_912073
245 _aElectrodynamics.
260 _aNew York;
_bDover Publications ,inc,
_c2000.
300 _ax,159p;
_bill:
_c20cm
650 _aPhysics.
_9809
942 _2ddc
_cO_SHELF
999 _c5810
_d5810